000 00281nam a22001337a 4500
003 SGT
082 _aSUN 510
100 _aSUNDARAPANDIAN,V
245 _aNUMERICAL LINEAR ALGEBRA
260 _aNEW DELHI
_bPHI
_c2014
300 _a607
650 _aMATHEMATICS
942 _2ddc
_cFPS
999 _c10105
_d10105